Pokémon - Attacken von Viridium in KA/PU - Statistiken

Allgemein
  • Dieses Quiz wurde 2 mal gespielt
  • Das Durchschnittsergebnis liegt bei 35 aus 58
Antwortstatistiken
Antwort % Korrekt
Aero-Ass
100%
Ausdauer
100%
Bodycheck
100%
Delegator
100%
Energieball
100%
Erholung
100%
Fassade
100%
Fokusstoß
100%
Gigastoß
100%
Grimasse
100%
Hyperstrahl
100%
Lichtschild
100%
Nahkampf
100%
Reflektor
100%
Risikotackle
100%
Samenbomben
100%
Sanctoklinge
100%
Schutzschild
100%
Solarstrahl
100%
Sonnentag
100%
Tera-Ausbruch
100%
Wegbereiter
100%
Aurasphäre
50%
Blättersturm
50%
Bodyslam
50%
Coaching
50%
Doppelkick
50%
Durchbruch
50%
Gegenschlag
50%
Kreuzschere
50%
Kugelsaat
50%
Laubklinge
50%
Luftschnitt
50%
Psycho-Plus
50%
Rechte Hand
50%
Ruckzuckhieb
50%
Schlafrede
50%
Schnellkonter
50%
Schwerttanz
50%
Silberblick
50%
Solarklinge
50%
Steinkante
50%
Sternschauer
50%
Strauchler
50%
Synthese
50%
Verhöhner
50%
Zauberblatt
50%
Brüller
0%
Gedankengut
0%
Gigasauger
0%
Grasrutsche
0%
Heimzahlung
0%
Kraftschub
0%
Rapidschutz
0%
Schmalhorn
0%
Trugschlag
0%
Vakuumwelle
0%
Zen-Kopfstoß
0%
Keine übereinstimmenden Quizze gefunden
Verteilung der Resultate
Anzahl Personen mit jedem Resultat
Perzentil nach korrekt beantworteten Fragen
Ihre Resultats-Entwicklung
Sie haben dieses Quiz noch nicht gespielt